000 00368nam a2200145Ia 4500
005 20251222153542.0
008 251222s9999||||xx |||||||||||||| ||spa||
020 _a9786124366253
082 _a345.2/S21
100 _aSan Martín Castro, César E.
245 0 _aDelito & Proceso Penal
250 _a1ra. ed.
264 _bJurista Editores E. I. R. L.
942 _cLIB
999 _c30508
_d30508